000 00212 a2200097 4500
001 31403
090 _c21289
_d21289
100 _aKosko, Bart
245 _aFuzzy engineering
260 _aN.J
_bPrentice Hal
_c1997
942 _aNUST-CAE
_k629.83 KOS
999 _c266476
_d266476